| 000 | 01370nam a2200397 i 4500 | ||
|---|---|---|---|
| 999 |
_c50656 _d50656 |
||
| 001 | 50656 | ||
| 003 | ES-MaCES | ||
| 005 | 20180412130840.0 | ||
| 008 | 180412s2018 sp 000 | spa d | ||
| 017 |
_aV 421-2018 _bDL |
||
| 020 | _a9788491699552 | ||
| 040 |
_aES-MaCES _bspa _cES-MaCES |
||
| 245 | 0 | 3 |
_aEl trabajador y empresario autónomo _cCarlos L. Alfonso Mellado (dir.) ; autores, Carlos L. Alfonso Mellado ... [et al.] |
| 260 |
_aValencia _bTirant lo Blanch _c2018 |
||
| 300 |
_a257 p. _c22 cm |
||
| 490 | 1 | _aTratados | |
| 541 | _cCompra | ||
| 650 | 4 |
_atrabajo a cuenta propia _930170 |
|
| 650 | 4 |
_atrabajador independiente _928412 |
|
| 650 | 4 |
_aempresario _928188 |
|
| 650 | 4 |
_alegislación del trabajo _927166 |
|
| 650 | 4 |
_alegislación de seguridad social _929855 |
|
| 650 | 4 |
_arégimen especial de trabajadores autónomos _930800 |
|
| 650 | 4 |
_aseguridad en el trabajo _928348 |
|
| 650 | 4 |
_asalud en el trabajo _928347 |
|
| 650 | 4 |
_aadministración fiscal _927209 |
|
| 650 | 4 |
_aderecho del trabajo _927165 |
|
| 650 | 4 |
_aderecho mercantil _927157 |
|
| 650 | 4 |
_aEspaña _926964 |
|
| 650 | 4 |
_arégimen jurídico _929894 |
|
| 653 | 1 | 0 | _aDerecho del trabajo y Seguridad Social |
| 700 | 1 |
_95913 _aAlfonso Mellado, Carlos Luis _edir. y aut. |
|
| 830 | 0 |
_aTirant lo Blanch tratados _933124 |
|
| 902 | _aLIB Libro | ||
| 942 |
_2CES _cBK _h6.0.1. |
||